Name the blue lock characters (anime/manga) - Statistics

General Stats
  • This quiz has been taken 8,345 times
  • The average score is 17 of 26
Answer Stats
Nicknames Characters % Correct
Blue Lock Hero Isagi Yoichi
96%
Lazy Genius Nagi Seishiro
94%
Chameleon Mikage Reo
93%
The king Barou Shouei
91%
Red panther Chigiri Hyoma
90%
The monster Bachira Meguru
89%
Junior Genius Itoshi Rin
89%
Boy Genius Itoshi Sae
84%
The Wildcard Kunigami Rensuke
84%
The demon Ryusei shidou
83%
Blue lock host Ego Jinpachi
78%
The ninja Otoya Eita
73%
God sprinter Julien Loki
69%
The assassin Karasu Tabito
64%
Best player Noel Noa
62%
Ultimate defence Oliver Aiku
62%
The monk Igaguri Gurimu
58%
Stylish Aryu Jyubei
56%
Blue lock watch tower Niko Ikki
55%
1on1 emperor Yukimiya Kenyu
54%
Speedy Specs Zantetsu Tsurguri
54%
Feral Forward Gagamaru Gin
50%
Jewel of Japan Ryosuke Kira
39%
Baby face assassin Pablo cavasoz
29%
Goal Junkie Adam Blake
26%
Aomori’s messi Nishioka Hajime
23%
No matching quizzes found
Score Distribution
Percent of People with Each Score
Percentile by Number Answered
Your Score History
You have not taken this quiz